La actitud de la Gran Bretaña en la Guerra actual / (Record no. 36537)

MARC details
000 -LEADER
campo de control de longitud fija 00558nam a2200181 i 4500
001 - NÚMERO DE CONTROL
campo de control 36537
003 - IDENTIFICADOR DE NÚMERO DE CONTROL
campo de control ES-MaACL
005 - FECHA Y HORA DE LA ÚLTIMA TRANSACCIÓN
campo de control 20250712063120.0
007 - CAMPO FIJO DE DESCRIPCIÓN FÍSICA--INFORMACIÓN GENERAL
campo de control de longitud fija t|
008 - DATOS DE LONGITUD FIJA--INFORMACIÓN GENERAL
campo de control de longitud fija 030218s1916 xxk ||||1| eng d
100 1# - ENTRADA PRINCIPAL--NOMBRE DE PERSONA
Nombre de persona Bryce, James,
Fechas asociadas al nombre 1838-1922
9 (RLIN) 32253
245 13 - MENCIÓN DEL TÍTULO
Título La actitud de la Gran Bretaña en la Guerra actual /
Mención de responsabilidad, etc. Viscount Bryce James.
260 ## - PUBLICACIÓN, DISTRIBUCIÓN, ETC.
Lugar de publicación, distribución, etc. Londres :
Nombre del editor, distribuidor, etc. [s.n.],
Fecha de publicación, distribución, etc. 1916.
300 ## - DESCRIPCIÓN FÍSICA
Extensión 7 h., 32 p. ;
Dimensiones 18 cm.
650 #4 - PUNTO DE ACCESO ADICIONAL DE MATERIA--TÉRMINO DE MATERIA
Término de materia o nombre geográfico como elemento de entrada Guerra mundial, 1914-1918-
Subdivisión geográfica Gran Bretaña.
9 (RLIN) 141633
852 ## - LOCALIZACIÓN
Ubicación ES-MaACL
Número de control de estantería 1579-F-4
Holdings
Estatus retirado Estado de pérdida Estado de daño No para préstamo Colección Biblioteca de origen Biblioteca actual Ubicación en estantería Fecha de adquisición Fuente de adquisición Total de préstamos Signatura topográfica completa Código de barras Visto por última vez Precio de reemplazo Tipo de ítem Koha
        Colección de folletos Biblioteca del Ateneo de Madrid Biblioteca del Ateneo de Madrid Depósito folletos 17/01/2008     1579-F-4 1038389 23/02/2023 23/02/2023 Folleto